000 01098nam a2200205Ia 4500
003 Ost
005 20260507075041.0
008 260507s9999||||xx |||||||||||||| ||und||
040 _cfsecg
041 _aara
082 _a330
100 _aالسيد، إسماعيل محمد
_eمؤلف
245 0 _aأساسيات بحوث التسويق :
_bمدخل منهجي وإداري /
_c إسماعيل محمد السيد
260 _aالاسكندرية:
_bالدار الجامعية,
_c2002
300 _a269 صفحة؛
_bإيضاحات ؛
_c24 سم
520 _aدور وأهمية بحوث التسويق في المنظمات، أنواع البحوث وخطوات البحث، الجانب البشري في بحوث التسويق، تصميم البحوث والأخطاء التي يمكن أن تتعرض لها، القياس، إعداد قائمة الإستقصاء، نظرية المعاينة وإختيار العينة، طرق الحصول على البيانات والمعلومات من السوق
653 _aالبحوث
653 _aتسويق
942 _cكتاب
999 _c42511
_d42511